<?xml version="1.0" encoding="UTF-8"?>
<collection xmlns:xsi="http://www.w3.org/2001/XMLSchema-instance" xsi:schemaLocation="http://www.loc.gov/MARC21/slim http://www.loc.gov/standards/marcxml/schema/MARC21slim.xsd" xmlns="http://www.loc.gov/MARC21/slim">
 <record>
  <leader>00000cab a22000004cb4500</leader>
  <controlfield tag="001">IPP-00000660766</controlfield>
  <controlfield tag="003">IPP</controlfield>
  <controlfield tag="005">20250114101031.0</controlfield>
  <controlfield tag="008">250114s2020    xx     d | ||r |||||eng||</controlfield>
  <datafield tag="041" ind1="#" ind2="#">
   <subfield code="a">eng</subfield>
  </datafield>
  <datafield tag="100" ind1="1" ind2="#">
   <subfield code="a">Anderson, Warwick</subfield>
  </datafield>
  <datafield tag="245" ind1="1" ind2="0">
   <subfield code="a">The Philippine Covidscape</subfield>
   <subfield code="b">Colonial public health redux?</subfield>
   <subfield code="c">The Philippine Covidscape</subfield>
  </datafield>
  <datafield tag="264" ind1="#" ind2="1">
   <subfield code="c">2020</subfield>
  </datafield>
  <datafield tag="520" ind1="#" ind2="#">
   <subfield code="a">Comparing historical perceptions of three epidemics in the Philippines and the responses they elicited allows us to see how these disease outbreaks were conceived in terms of configuration, whether ecological or sociological, and contamination. Cholera in 1902, influenza in 1918-1919, and Covid-19 in 2020 each open up revealing cross sections through Philippine social life, culture, and governance. Furthermore, simplistic assumptions of contamination or pollution-in contrast to more complexly structured configurational models-are correlated with coercive or militaristic reactions to pandemics, including social distancing, lockdowns, curfews, and suppression of dissent.</subfield>
  </datafield>
  <datafield tag="650" ind1="1" ind2="0">
   <subfield code="a">Covid-19 (Disease)</subfield>
  </datafield>
  <datafield tag="650" ind1="2" ind2="0">
   <subfield code="a">COVID-19 pandemic</subfield>
  </datafield>
  <datafield tag="650" ind1="2" ind2="0">
   <subfield code="a">Epidemics--History</subfield>
  </datafield>
  <datafield tag="650" ind1="2" ind2="0">
   <subfield code="a">Epidemics</subfield>
  </datafield>
  <datafield tag="650" ind1="2" ind2="0">
   <subfield code="a">Cholera</subfield>
  </datafield>
  <datafield tag="650" ind1="2" ind2="0">
   <subfield code="a">Influenza</subfield>
  </datafield>
  <datafield tag="650" ind1="2" ind2="0">
   <subfield code="a">Medicine</subfield>
  </datafield>
  <datafield tag="650" ind1="2" ind2="0">
   <subfield code="a">Science</subfield>
  </datafield>
  <datafield tag="773" ind1="0" ind2="#">
   <subfield code="t">Philippine Studies: Historical and Ethnographic Viewpoints</subfield>
   <subfield code="g">Vol. 68, no. 3-4 (2020), 325-337</subfield>
  </datafield>
  <datafield tag="942" ind1="#" ind2="#">
   <subfield code="a">Article</subfield>
  </datafield>
  <datafield tag="950" ind1="#" ind2="#">
   <subfield code="a">FI</subfield>
  </datafield>
 </record>
</collection>
